Statistics for Boywithuke discography

Click here to take the quiz!

General Stats

  • This quiz has been taken 436 times
    (145 since last reset)
  • The average score is 40 of 59

Answer Stats

Melatonin Dreams% Correct
ft. blackbearIDGAF
93%
Toxic
90%
King of Nothing
88%
Migraine
87%
Rockstar
87%
ft. Oliver TreeSick of U
87%
IDTWCBF
85%
Lucid
84%
Nosedive
84%
Blue
82%
ft. mxmtoonPrairies
82%
Babydoll
81%
Bad Blood
81%
By Curio Watts ft BoywithukeSmall Fry
81%
Trauma
81%
Two Moons
81%
ft. PowfuContigo
79%
Problematic
79%
Loafers
78%
Long Drives
78%
Bad Things
76%
Before I Die
76%
Understand
76%
Animal Crackers
75%
Heart of Ice
74%
Homesick
74%
Nightmare
74%
Lovesick
72%
Out of Reach
69%
She Said No
68%
Far Away
66%
Bok Choy
65%
Scared of the Dark
65%
2.9 Miles Away
63%
Blurry Nights
62%
Falling for You
62%
Let Me Down
62%
Camouflage
60%
Out of Tune
60%
Psycho
60%
Route 9
57%
Galaxy
56%
Hazel Eyes
56%
Shy
56%
Haha Hi
54%
Lovely
54%
Nihilist
54%
Bad Luck
53%
Letter For my Bed
53%
Lost
53%
Sleep Deprived
51%
So Cold
51%
Tired of Wanting You
51%
Forget Me
50%
Zoning Out
49%
Kind of Sick of Life
47%
I Wish
44%
I Wont Let You Go
44%
Just Let Me Go
37%

Score Distribution

Percentile by Number Answered

Percent of People with Each Score

Your Score History

You have not taken this quiz since the last reset